000 00976nam a22003017a 4500
001 BR7906133
003 BR-BrBNA
005 20230928090124.0
007 ta
008 230509b bl.||||| |||| 00| 0 por d
040 _aBR-BrBNA
_bpor
_cBiblioteca Nacional de Agricultura
041 _a(Por)
072 _aF50; F60; F70
_b0790
090 _ 0790 BR7906133
100 1 _aMattos, J.R.
110 1 _aInstituto de Pesquisas de Recursos Naturais Renovaveis "Ataliba Paz", Porto Alegre, RS (Brasil)
_96156
245 1 _aPessegueiro do campo (Hexachlamys lumilis Berg.)
260 3 _aPorto Alegre, RS (Brasil):
_c1979.
300 _a8 p.
500 _a(*) Documento disponível no(a) Secretaria da Agricultura, Porto Alegre, RS (Brazil)
650 _aEstrutura vegetal
650 _aFisiologia vegetal
650 _aTaxonomia vegetal
650 _aPessegueiro do campo
650 _aDistribuicao geografica
909 _a202309
_bLucia
_c55
_dLucia Elande
942 _cBK
999 _c27892
_d27892